000 00269nam a2200097Ia 4500
001 722947
005 20250826163321.0
008 250824s9999 xx 000 0 und d
245 0 _aDİNDAR BEYİN İNSANIN NÖROTELOJİK BOYUTU
_cERİMAN TOPBAŞ
260 _bPANAMA YAYINLARI
999 _c722947
_d722947